Catálogo
 En Linea

Recopilación de leyes de procedimiento penal. (Registro nro. 38959)

Detalles MARC
000 -CABECERA
campo de control de longitud fija 00687nam a2200157 a 4500
001 - NÚMERO DE CONTROL
campo de control 000039469
005 - FECHA Y HORA DE LA ÚLTIMA TRANSACCIÓN
campo de control 20201002031651.0
008 - DATOS DE LONGITUD FIJA--INFORMACIÓN GENERAL
campo de control de longitud fija 130701s1999 dr 000 0 spa d
040 ## - FUENTE DE LA CATALOGACIÓN
Centro catalogador/agencia de origen DO-SdBNP
Lengua de catalogación spa
Centro/agencia transcriptor BNPHU
110 2# - ENTRADA PRINCIPAL--NOMBRE DE ENTIDAD CORPORATIVA
Nombre de entidad corporativa o nombre de jurisdicción como elemento de entrada República Dominicana :
Unidad subordinada [Leyes,etc]
9 (RLIN) 11088
245 10 - MENCIÓN DE TÍTULO
Título Recopilación de leyes de procedimiento penal.
246 14 - FORMA VARIANTE DE TÍTULO
Título propio/Titulo breve Recopilación de leyes de procedimiento penal
260 ## - PUBLICACIÓN, DISTRIBUCIÓN, ETC.
Lugar de publicación, distribución, etc. Santo Domingo :
Nombre del editor, distribuidor, etc. Congreso Nacional,
Fecha de publicación, distribución, etc. 1999.
300 ## - DESCRIPCIÓN FÍSICA
Extensión 16 p. ;
Dimensiones 22 cm.
505 0# - NOTA DE CONTENIDO CON FORMATO
Título Ley no. 1014 que modifica los procedimientos correccional y criminal, G.O. 4840
-- Ley no. 1822, sobre sustitución miembros del Ministerio Público,G.O. 6847
-- Ley no. 164, Ley de libertad condicional
Existencias
Estado de retiro Estado de pérdida No para préstamo Código de colección Localización permanente Ubicación/localización actual Ubicación en estantería Fecha de adquisición Número de inventario Total de préstamos Signatura topográfica completa Código de barras Fecha visto por última vez Precio válido a partir de Tipo de ítem Koha Número de copia
    Excluido de préstamo Patrimonio Dominicano Patrimonio Dominicano Patrimonio Dominicano En catalogación 01.07.2013 LF1   39469-10 25.06.2020 25.06.2020 Libro y Folleto Colección Patrimonio Dominicano  
    Excluido de préstamo Patrimonio Dominicano Patrimonio Dominicano Patrimonio Dominicano En catalogación 01.07.2013 LF1   39469-20 25.06.2020 25.06.2020 Libro y Folleto Colección Patrimonio Dominicano e. 2

Con tecnología Koha